Flipped Images Quiz Stats

 Plays Quiz Updated Aug 13, 2014

Support Sporcle.
Go Orange.
Score 0/20 Timer 04:00
1 Play Today
% Correct
Correct, Tiananman Square is not flipped
91.4%
Correct, Dallas 1963 is not flipped
84.8%
Correct, Times Square 1945 is not flipped
83.4%
Correct, Lunch Atop a Skyscraper is not flipped
82.6%
Correct, We Can Do It is not flipped
79.3%
Correct, Hindenburg disaster is not flipped
78.5%
Correct, Jimi Hendrix is not flipped
78.3%
Correct, Mount Rushmore is flipped
75.8%
Correct, Uncle Sam is not flipped
75.3%
Correct, Muhammad Ali is not flipped
73.9%
% Correct
Correct, Abbey Road is flipped
72%
Correct, Apollo 11 Crew is not flipped
59.2%
Correct, Sydney Harbour is flipped
56%
Correct, Marilyn Monroe is not flipped
53.3%
Correct, The Statue of Liberty is flipped
51.9%
Correct, Iwo Jima is flipped
51.3%
Correct, National Geographic's 'Afghan Girl' is flipped
47.6%
Correct, Audrey Hepburn is flipped
46.5%
Correct, The Thinker is flipped
29.9%
Correct, Einstein is flipped
25.4%

You're not logged in!

Compare scores with friends on all Sporcle quizzes.
OR
Log In

From the Vault

One Character, Two Oscars

by aglick

“If you’re good at something, never do it for free.”
Remove Ads.
Support Sporcle.
Get the best of Sporcle when you Go Orange. This ad-free experience offers more features, more stats, and more fun while also helping to support Sporcle. Thank you for becoming a member.

Show Comments

Extras

Top Quizzes Today


Score Distribution

Your Account Isn't Verified!

In order to create a playlist on Sporcle, you need to verify the email address you used during registration. Go to your Sporcle Settings to finish the process.

Report this User

Report this user for behavior that violates our Community Guidelines.

Details: